| 000 | 00537nam a2200217 a 4500 | ||
|---|---|---|---|
| 999 |
_c6044 _d6044 |
||
| 001 | 6044 | ||
| 003 | BD-JhCC | ||
| 005 | 20180101124735.0 | ||
| 008 | 180101s1965 a|||| |||| 00| 0 eng d | ||
| 035 | _a(BD-JhCC) | ||
| 040 |
_aBD-JhCC _dBD-JhCC |
||
| 041 | _aeng | ||
| 082 |
_a570.1 _bGRO 1965 |
||
| 100 | _aGrobstein, Clifford | ||
| 245 |
_aThe Strategy of Life / _cClifford Grobstein |
||
| 260 |
_aLondon : _bSAN Fuancisco, _c1965 |
||
| 300 |
_a117 p. : _c24cm. _bill. ; |
||
| 650 | _aLife/Biology | ||
| 942 |
_2ddc _cBK |
||